000 01177cam a22003613a 4500
001 7006
003 FISKH
005 20250617104104.0
008 040908s2004 nyua j 000 1 eng d
010 _a 2004557913
020 _a0439585597 (pbk.)
040 _aXWS
_cXWS
_dOCLCQ
_dDLC
_beng
050 _aPZ7
082 _a565
100 1 _aMarsoli, Lisa Ann,
_d1958-
245 1 4 _aThe snow dog /
_cby Lisa Ann Marsoli ; illustrated by Steve Haefele.
260 _aNew York :
_bScholastic,
_c2004.
300 _a32 pages :
_bcolor illustrations ;
_c23 cm
440 0 _aClifford the big red dog
440 0 _aBig red reader
500 _a"Based on the Scholastic book series Clifford the big red dog by Norman Bridwell."
505 _aE
520 _aEmily Elizabeth makes a snow dog. Clifford does too! Will they win an award for their snow art?
521 8 _a270
_bLexile estimate
521 8 _aE
_bRaz-Plus
650 1 _aDogs
_vFiction.
650 1 _aSnow
_vFiction.
650 1 _aSnow sculpture
_vFiction.
700 1 _aHaefele, Steve,
_eillustrator
906 _a7
_bcbc
_ccopycat
_d2
_encip
_f20
_gy-gencatlg
942 _2ddc
_cBK
_n0
999 _c7006
_d7006